|
|
|
|
| LEADER |
00650nab a2200169 i 4500 |
| 001 |
misc72774 |
| 005 |
20231114090717.0 |
| 008 |
231114s1987 hu o 000 hun d |
| 022 |
|
|
|a 0133-1906
|
| 040 |
|
|
|a SZTE Miscellanea Repozitórium
|b hun
|
| 041 |
|
|
|a hun
|
| 245 |
0 |
0 |
|a Ünnepi ülésen Szent-Györgyi Albertről nevezték el a Szegedi Orvostudományi Egyetemet (MTI)
|h [elektronikus dokumentum]
|
| 260 |
|
|
|a Lapkiadó Vállalat
|c 1987-12-11
|
| 300 |
|
|
|a 1
|
| 490 |
0 |
|
|a Magyar Hírlap- politikai napilap
|v 20 No. 292
|
| 561 |
|
|
|a Szent-Györgyi Albertről szóló irodalom
|
| 856 |
4 |
0 |
|u http://misc.bibl.u-szeged.hu/72774/1/szgya_1987_008.pdf
|z Dokumentum-elérés
|